Loading...
| Current Events | 1 | 20.00 | 100% | 100% | 0% |
| Fine Arts - Auditory Fine Arts | 5 | 22.00 | 100% | 80% | 40% |
| Fine Arts - Other Fine Arts | 8 | 16.25 | 100% | 63% | 0% |
| Fine Arts - Visual Fine Arts | 4 | 22.50 | 100% | 75% | 50% |
| Geography | 2 | 20.00 | 100% | 100% | 0% |
| History - American History | 8 | 17.50 | 100% | 75% | 0% |
| History - European History | 3 | 26.67 | 100% | 100% | 67% |
| History - Other History | 9 | 17.78 | 100% | 56% | 22% |
| History - World History | 3 | 16.67 | 100% | 67% | 0% |
| Literature - American Literature | 7 | 22.86 | 100% | 100% | 29% |
| Literature - British Literature | 3 | 23.33 | 100% | 67% | 67% |
| Literature - European Literature | 5 | 26.00 | 100% | 100% | 60% |
| Literature - World Literature | 6 | 25.00 | 100% | 83% | 67% |
| Mythology | 6 | 18.33 | 100% | 83% | 0% |
| Other Academic | 1 | 20.00 | 100% | 100% | 0% |
| Philosophy | 6 | 25.00 | 100% | 83% | 67% |
| Pop Culture | 3 | 16.67 | 100% | 67% | 0% |
| Popular Culture | 1 | 10.00 | 100% | 0% | 0% |
| Religion | 4 | 20.00 | 100% | 75% | 25% |
| Science - Biology | 5 | 12.00 | 100% | 20% | 0% |
| Science - Chemistry | 5 | 14.00 | 100% | 40% | 0% |
| Science - Other Science | 4 | 27.50 | 100% | 100% | 75% |
| Science - Physics | 2 | 20.00 | 100% | 50% | 50% |
| Social Science | 7 | 21.43 | 100% | 71% | 43% |